Ante el tiempo: historia del arte y anacronismo de las imágenes
Guardat en:
| Autor principal: | |
|---|---|
| Format: | Llibre |
| Idioma: | espanyol |
| Publicat: |
Córdoba
Adriana Hidalgo
2011
|
| Edició: | 3a. ed |
| Col·lecció: | Filosofía e Historia
|
| Matèries: | |
| Etiquetes: |
Afegir etiqueta
Sense etiquetes, Sigues el primer a etiquetar aquest registre!
|
MARC
| LEADER | 00000cam a2200000 a 4500 | ||
|---|---|---|---|
| 001 | UCE4827 | ||
| 003 | CL-VaPUC | ||
| 008 | 141113e20110000ag |||||||||||||||||spa|d | ||
| 020 | |a 9789871156320 | ||
| 082 | 0 | 4 | |a 194 |b DID |2 21 |
| 100 | |a Didi-Huberman, Georges |e author |9 598908 | ||
| 245 | 1 | 0 | |a Ante el tiempo: historia del arte y anacronismo de las imágenes |
| 250 | |a 3a. ed | ||
| 300 | |a 391 p | ||
| 942 | |c BK | ||
| 945 | |d 20141113 14:00:00 |a dcastane | ||
| 260 | |a Córdoba |b Adriana Hidalgo |c 2011 | ||
| 650 | 0 | |a Filosofía francesa |9 255698 | |
| 650 | 0 | |a Historia del arte |9 314877 | |
| 583 | |a last modification |c 20141113 14:00:00 |k Rodrigo Vera | ||
| 490 | 0 | |a Filosofía e Historia | |
| 999 | |c 357686 |d 357684 | ||
| 952 | |0 0 |1 0 |3 erb |4 0 |6 194_000000000000000_DID_2011 |7 0 |8 A |9 465732 |a BIBART |b BIBART |i 5124980 |l 1 |m 1 |o 194 DID 2011 |p 5124980 |r 2025-03-13 |s 2022-10-05 |w 2019-11-23 |y BK |z Catalogado en:20141113 |k ART | ||